Paroles - Nouveau Western - MC Solaar - Statistiques

Statistiques générales
  • Ce quiz a été pris 36 fois
  • Le résultat moyen est 254 sur 467
Statistiques - réponses
ANSWER % Correct
d
100%
De
100%
de
100%
et
100%
Et
100%
l
100%
L
100%
Le
100%
le
100%
n
100%
nouveau
100%
s
100%
West
100%
western
100%
à
94%
a
94%
c
94%
dans
94%
Dans
94%
des
94%
Dès
94%
la
94%
La
94%
les
94%
Les
94%
en
88%
Son
88%
son
88%
Un
88%
un
88%
est
81%
Est
81%
81%
pour
81%
Pour
81%
Arizona
75%
Harry
75%
par
75%
que
75%
zona
75%
état
69%
mais
69%
Mais
69%
on
69%
On
69%
or
69%
comme
63%
Cow
63%
du
63%
Il
63%
il
63%
lequel
63%
ruée
63%
se
63%
Une
63%
une
63%
vers
63%
Amérique
56%
quoi
56%
Smith
56%
sont
56%
souffle
56%
vent
56%
boy
50%
cheval
50%
faire
50%
Lucky
50%
Luke
50%
nouveaux
50%
bien
44%
bringue
44%
ce
44%
dit
44%
elle
44%
Sa
44%
sa
44%
seul
44%
sur
44%
bang
38%
Dalton
38%
féodal
38%
gare
38%
Hollywood
38%
indien
38%
mal
38%
modèle
38%
moderne
38%
Moderne
38%
multinationale
38%
ne
38%
partenaire
38%
pas
38%
Pas
38%
qui
38%
au
31%
erre
31%
flingue
31%
freine
31%
John
31%
nous
31%
Paris
31%
Poursuivi
31%
Quand
31%
Remington
31%
solitaire
31%
sorte
31%
westerns
31%
Weston
31%
archiduc
25%
avec
25%
berne
25%
Colt
25%
Dicte
25%
diligence
25%
dingue
25%
exporte
25%
fier
25%
Fresnes
25%
indiens
25%
jour
25%
lors
25%
Parfois
25%
plaines
25%
sans
25%
States
25%
tous
25%
verre
25%
vie
25%
Winchester
25%
zinc
25%
appelle
19%
arme
19%
bar
19%
camouflés
19%
coeur
19%
commande
19%
cours
19%
décor
19%
dessein
19%
eu
19%
fait
19%
gorille
19%
habit
19%
looké
19%
me
19%
moine
19%
monde
19%
mousse
19%
ont
19%
Paul
19%
perfectionnent
19%
rencontre
19%
repose
19%
Scalpe
19%
techniques
19%
Victime
19%
Wayne
19%
Wesson
19%
boit
13%
chance
13%
connaît
13%
Cooper
13%
entre
13%
Far
13%
Gary
13%
Oncle
13%
Otto
13%
place
13%
Preminger
13%
Propre
13%
Puis
13%
retour
13%
rivière
13%
Sam
13%
suit
13%
Tandis
13%
Toujours
13%
ville
13%
y
13%
Billy
6%
blanche
6%
Brandy
6%
Bull
6%
Calamity
6%
carte
6%
Chevauchée
6%
chique
6%
CinémaScope
6%
clopes
6%
combat
6%
compte
6%
Derringer
6%
désormais
6%
Désormais
6%
deux
6%
directives
6%
dort
6%
end
6%
Fantastique
6%
futiles
6%
individu
6%
installé
6%
Jane
6%
jours
6%
Loveless
6%
moins
6%
motifs
6%
nomme
6%
périph
6%
proche
6%
puce
6%
remplace
6%
secteur
6%
sifflent
6%
Sitting
6%
stoppe
6%
trains
6%
abreuvait
0%
aussi
0%
baby
0%
balle
0%
beignent
0%
bistrots
0%
brandit
0%
cas
0%
chevaux
0%
Cochise
0%
contre
0%
dupe
0%
époques
0%
Est ce
0%
happy
0%
héroïque
0%
James
0%
kid
0%
lieux
0%
lucide
0%
Mercenaires
0%
Miguelito
0%
noie
0%
once
0%
parque
0%
perdue
0%
ressemble
0%
rester
0%
rêve
0%
saloons
0%
saouls
0%
saute
0%
scalps
0%
Sept
0%
shit
0%
squaws
0%
système
0%
télé
0%
termine
0%
Tomahawk
0%
top
0%
types
0%
Yeah
0%
Aucun quiz correspondant
Distribution des résultats
% des personnes avec chaque résultat
Percentile par nombre de réponses
Votre historique - résultats
Vous n’avez pas pris ce quiz